| Tag |
First Indicator |
Second Indicator |
Subfields |
| LEADER |
00000cam a22000008a 4500 |
| 001 |
in00000072430 |
| 005 |
20151008053417.0 |
| 008 |
800728s1981 nju b 00010 engm |
| 010 |
|
|
|a 78073304
|
| 020 |
|
|
|a 0838623778
|
| 035 |
|
|
|a (OCoLC)06625275
|
| 035 |
|
|
|9 AAH7345AM
|
| 040 |
|
|
|a DLC
|c DLC
|d m.c.
|d TXA
|d UtOrBLW
|
| 049 |
|
|
|a TXAM
|c [386940]
|
| 050 |
0 |
0 |
|a B2018.J83
|b S38
|
| 082 |
0 |
|
|a 909/.04924
|2 19
|
| 100 |
1 |
|
|a Schwartz, Leon,
|d 1922-
|
| 245 |
1 |
0 |
|a Diderot and the Jews /
|c Leon Schwartz.
|
| 263 |
|
|
|a 8010
|
| 264 |
|
1 |
|a Rutherford :
|b Fairleigh Dickinson University Press,
|c [1981]
|
| 264 |
|
4 |
|c ©1981
|
| 300 |
|
|
|a 206 pages :
|b illustrations ;
|c 22 cm.
|
| 336 |
|
|
|a text
|b txt
|2 rdacontent
|
| 337 |
|
|
|a unmediated
|b n
|2 rdamedia
|
| 338 |
|
|
|a volume
|b nc
|2 rdacarrier
|
| 490 |
0 |
|
|a Sara F. Yoseloff Memorial Publications in Judaism and Jewish Affairs
|
| 500 |
|
|
|a Includes index,
|
| 504 |
|
|
|a Bibliography: pages 187-193.
|
| 600 |
1 |
0 |
|a Diderot, Denis,
|d 1713-1784
|x Views on Judaism.
|
| 650 |
|
0 |
|a Judaism.
|
| 999 |
|
|
|a MARS
|
| 999 |
f |
f |
|s b28611a4-ee2d-32d1-8ce7-fb140d3814db
|i 5f31470d-12e8-3bba-86df-00ec1b1eedb4
|t 0
|
| 952 |
f |
f |
|p ric
|a Texas A&M University
|b Rellis Campus
|c Joint Library Facility
|d Remote Storage
|t 0
|e B2018.J83 S38
|h Library of Congress classification
|i unmediated -- volume
|m A14806081700
|
| 998 |
f |
f |
|a B2018.J83 S38
|t 0
|l Remote Storage
|